Statistiques concernant Pays limitrophes Les plus grandes villes par même lettre

Cliquez ici pour prendre le quiz!

Statistiques générales

  • Ce quiz a été pris 91 fois
  • Le résultat moyen est 13 sur 38

Statistiques - réponses

LetterRéponse% Correct
BAllemagne
76%
BBelgique
74%
SBrésil
71%
MRussie
68%
PFrance
64%
KRépublique démocratique du Congo
55%
SBolivie
50%
KOuganda
47%
BRépublique du Congo
47%
KRwanda
46%
BHongrie
45%
BSerbie
45%
BRoumanie
43%
BSlovaquie
42%
MBiélorussie
39%
LAngola
38%
NNiger
32%
NTchad
32%
LZambie
32%
BRépublique Centrafricaine
29%
PSuriname
29%
KAfghanistan
28%
AÉthiopie
26%
LMalawi
26%
KPakistan
26%
AÉrythrée
22%
TLibye
22%
TTunisie
22%
MMozambique
20%
SBulgarie
17%
PKosovo
16%
ACôte d'Ivoire
14%
PMonténégro
14%
AGhana
13%
AJordanie
12%
SMacédoine du Nord
12%
ASyrie
12%
MEswatini
11%

Distribution des résultats

Percentile par nombre de réponses

% des personnes avec chaque résultat

Votre développement - résultats

Vous n’avez pas pris ce quiz